<?xml version="1.0" encoding="UTF-8"?>
<collection xmlns="http://www.loc.gov/MARC21/slim">
 <record>
  <leader>02746cam a2200577   4500</leader>
  <controlfield tag="001">1619294486</controlfield>
  <controlfield tag="003">DE-627</controlfield>
  <controlfield tag="005">20231017010837.0</controlfield>
  <controlfield tag="007">tu</controlfield>
  <controlfield tag="008">940208s1981    au |||||      00| ||ger c</controlfield>
  <datafield tag="015" ind1=" " ind2=" ">
   <subfield code="a">82,A12,0839</subfield>
   <subfield code="2">dnb</subfield>
  </datafield>
  <datafield tag="016" ind1="7" ind2=" ">
   <subfield code="a">820299413</subfield>
   <subfield code="2">DE-101</subfield>
  </datafield>
  <datafield tag="020" ind1=" " ind2=" ">
   <subfield code="a">3853266029</subfield>
   <subfield code="9">3-85326-602-9</subfield>
  </datafield>
  <datafield tag="035" ind1=" " ind2=" ">
   <subfield code="a">(DE-627)1619294486</subfield>
  </datafield>
  <datafield tag="035" ind1=" " ind2=" ">
   <subfield code="a">(DE-576)03726818X</subfield>
  </datafield>
  <datafield tag="035" ind1=" " ind2=" ">
   <subfield code="a">(DE-599)BSZ03726818X</subfield>
  </datafield>
  <datafield tag="035" ind1=" " ind2=" ">
   <subfield code="a">(OCoLC)8390002</subfield>
  </datafield>
  <datafield tag="035" ind1=" " ind2=" ">
   <subfield code="a">(OCoLC)985466398</subfield>
  </datafield>
  <datafield tag="040" ind1=" " ind2=" ">
   <subfield code="a">DE-627</subfield>
   <subfield code="b">ger</subfield>
   <subfield code="c">DE-627</subfield>
   <subfield code="e">rakwb</subfield>
  </datafield>
  <datafield tag="041" ind1=" " ind2=" ">
   <subfield code="a">ger</subfield>
  </datafield>
  <datafield tag="044" ind1=" " ind2=" ">
   <subfield code="c">XA-AT</subfield>
  </datafield>
  <datafield tag="082" ind1="0" ind2=" ">
   <subfield code="a">726/.7/0943612</subfield>
  </datafield>
  <datafield tag="084" ind1=" " ind2=" ">
   <subfield code="a">45</subfield>
   <subfield code="a">12</subfield>
   <subfield code="2">sdnb</subfield>
  </datafield>
  <datafield tag="084" ind1=" " ind2=" ">
   <subfield code="a">LL 12350</subfield>
   <subfield code="2">rvk</subfield>
   <subfield code="0">(DE-625)rvk/98990:</subfield>
  </datafield>
  <datafield tag="084" ind1=" " ind2=" ">
   <subfield code="a">21.70</subfield>
   <subfield code="2">bkl</subfield>
  </datafield>
  <datafield tag="084" ind1=" " ind2=" ">
   <subfield code="a">21.80</subfield>
   <subfield code="2">bkl</subfield>
  </datafield>
  <datafield tag="084" ind1=" " ind2=" ">
   <subfield code="a">20.30</subfield>
   <subfield code="2">bkl</subfield>
  </datafield>
  <datafield tag="110" ind1="2" ind2=" ">
   <subfield code="a">Stift Altenburg</subfield>
   <subfield code="0">(DE-588)5000463-3</subfield>
   <subfield code="0">(DE-627)102300097</subfield>
   <subfield code="0">(DE-576)193216590</subfield>
   <subfield code="4">aut</subfield>
  </datafield>
  <datafield tag="245" ind1="1" ind2="0">
   <subfield code="a">Stift Altenburg und seine Kunstschätze</subfield>
   <subfield code="c">Hanna Egger, Gerhart Egger, Gregor Schweighofer, Gerhard Seebach</subfield>
  </datafield>
  <datafield tag="264" ind1=" " ind2="1">
   <subfield code="a">St. Pölten, Wien</subfield>
   <subfield code="b">Verlag Niederösterrisches Pressehaus</subfield>
   <subfield code="c">1981</subfield>
  </datafield>
  <datafield tag="300" ind1=" " ind2=" ">
   <subfield code="a">103 S., 32 Bl.</subfield>
   <subfield code="b">Ill.</subfield>
  </datafield>
  <datafield tag="336" ind1=" " ind2=" ">
   <subfield code="a">Text</subfield>
   <subfield code="b">txt</subfield>
   <subfield code="2">rdacontent</subfield>
  </datafield>
  <datafield tag="337" ind1=" " ind2=" ">
   <subfield code="a">ohne Hilfsmittel zu benutzen</subfield>
   <subfield code="b">n</subfield>
   <subfield code="2">rdamedia</subfield>
  </datafield>
  <datafield tag="338" ind1=" " ind2=" ">
   <subfield code="a">Band</subfield>
   <subfield code="b">nc</subfield>
   <subfield code="2">rdacarrier</subfield>
  </datafield>
  <datafield tag="500" ind1=" " ind2=" ">
   <subfield code="a">Nebent.: Stift Altenburg</subfield>
  </datafield>
  <datafield tag="583" ind1="1" ind2=" ">
   <subfield code="a">Archivierung/Langzeitarchivierung gewährleistet</subfield>
   <subfield code="c">20211025</subfield>
   <subfield code="f">SLG</subfield>
   <subfield code="z">Buchnachlass</subfield>
   <subfield code="2">pdager</subfield>
   <subfield code="5">DE-25</subfield>
  </datafield>
  <datafield tag="583" ind1="1" ind2=" ">
   <subfield code="a">Archivierung/Langzeitarchivierung gewährleistet</subfield>
   <subfield code="c">20211220</subfield>
   <subfield code="f">SLG</subfield>
   <subfield code="z">Provenienz</subfield>
   <subfield code="2">pdager</subfield>
   <subfield code="5">DE-25</subfield>
  </datafield>
  <datafield tag="700" ind1="1" ind2=" ">
   <subfield code="a">Egger, Hanna</subfield>
   <subfield code="d">1942-2000</subfield>
   <subfield code="0">(DE-588)135963443</subfield>
   <subfield code="0">(DE-627)573404453</subfield>
   <subfield code="0">(DE-576)160831997</subfield>
   <subfield code="4">oth</subfield>
  </datafield>
  <datafield tag="700" ind1="1" ind2=" ">
   <subfield code="a">Schweighofer, Gregor</subfield>
   <subfield code="4">oth</subfield>
  </datafield>
  <datafield tag="700" ind1="1" ind2=" ">
   <subfield code="a">Seebach, Gerhard</subfield>
   <subfield code="0">(DE-588)126597219</subfield>
   <subfield code="0">(DE-627)706917693</subfield>
   <subfield code="0">(DE-576)295835362</subfield>
   <subfield code="4">oth</subfield>
  </datafield>
  <datafield tag="700" ind1="1" ind2=" ">
   <subfield code="a">Egger, Gerhart</subfield>
   <subfield code="d">1916-1990</subfield>
   <subfield code="0">(DE-588)135963435</subfield>
   <subfield code="0">(DE-627)573404445</subfield>
   <subfield code="0">(DE-576)160831970</subfield>
   <subfield code="4">oth</subfield>
  </datafield>
  <datafield tag="787" ind1="0" ind2="8">
   <subfield code="i">Rezension</subfield>
   <subfield code="a">Polleroß, Friedrich, 1958 - </subfield>
   <subfield code="t">Schriften von Friedrich B. Polleroß ; 7: Bilderwelt und Schatzkammer des Stiftes Altenburg</subfield>
   <subfield code="d">Heidelberg : Univ.-Bibl., 1985</subfield>
   <subfield code="h">Online-Ressource</subfield>
   <subfield code="w">(DE-627)1402438656</subfield>
   <subfield code="w">(DE-576)332438651</subfield>
  </datafield>
  <datafield tag="889" ind1=" " ind2=" ">
   <subfield code="w">(DE-627)016206665</subfield>
  </datafield>
  <datafield tag="935" ind1=" " ind2=" ">
   <subfield code="i">mdedup</subfield>
  </datafield>
  <datafield tag="936" ind1="r" ind2="v">
   <subfield code="a">LL 12350</subfield>
   <subfield code="b">Altenburg</subfield>
   <subfield code="k">Kunst nach Ländern bzw. Kontinenten</subfield>
   <subfield code="k">Österreich (Habsburger Monarchie in verschiedener territorialer Ausdehnung; Republik Österreich)</subfield>
   <subfield code="k">Kunsttopografie Österreichs</subfield>
   <subfield code="k">Alphabetische Liste der österreichischen Orte</subfield>
   <subfield code="k">Orte A</subfield>
   <subfield code="k">Altenburg</subfield>
   <subfield code="0">(DE-627)1271302373</subfield>
   <subfield code="0">(DE-625)rvk/98990:</subfield>
   <subfield code="0">(DE-576)201302373</subfield>
  </datafield>
  <datafield tag="936" ind1="b" ind2="k">
   <subfield code="a">21.70</subfield>
   <subfield code="j">Geschichte der Sakralbaukunst</subfield>
   <subfield code="0">(DE-627)106421255</subfield>
  </datafield>
  <datafield tag="936" ind1="b" ind2="k">
   <subfield code="a">21.80</subfield>
   <subfield code="j">Kunsthandwerk</subfield>
   <subfield code="j">Kunstgewerbe: Allgemeines</subfield>
   <subfield code="0">(DE-627)106410873</subfield>
  </datafield>
  <datafield tag="936" ind1="b" ind2="k">
   <subfield code="a">20.30</subfield>
   <subfield code="j">Kunstgeschichte: Allgemeines</subfield>
   <subfield code="0">(DE-627)106410326</subfield>
  </datafield>
  <datafield tag="951" ind1=" " ind2=" ">
   <subfield code="a">BO</subfield>
  </datafield>
  <datafield tag="991" ind1=" " ind2=" ">
   <subfield code="a">Rezensiertes Werk</subfield>
  </datafield>
  <datafield tag="999" ind1=" " ind2=" ">
   <subfield code="a">KXP-PPN1619294486</subfield>
   <subfield code="e">4255072914</subfield>
  </datafield>
 </record>
</collection>
